| 000 | 01113nam a22003857a 4500 | ||
|---|---|---|---|
| 001 | BR8203875 | ||
| 003 | BR-BrBNA | ||
| 005 | 20230928091357.0 | ||
| 007 | ta | ||
| 008 | 230509b bl.||||| |||| 00| 0 por d | ||
| 040 |
_aBR-BrBNA _bpor _cBiblioteca Nacional de Agricultura |
||
| 041 | _a(Por) | ||
| 072 |
_aA00 _b/G514 _b/GZ12 |
||
| 090 | _ A00 BR8203875 | ||
| 110 | 1 |
_aUniversidade Federal da Paraiba, Campina Grande (Brasil). Centro de Informacao do Semi-Arido _910756 |
|
| 245 | 1 | _aBibliografia Brasileira do Semi-Arido [agricultura] | |
| 260 | 3 |
_aCampina Grande, PB (Brasil): _c1982. |
|
| 300 | _a69 p. | ||
| 650 | _aPRODUCAO ANIMAL | ||
| 650 | _aBIBLIOGRAFIA | ||
| 650 | _aPRODUCAO PESQUEIRA | ||
| 650 | _aPRODUCAO VEGETAL | ||
| 650 | _aDEFESA VEGETAL | ||
| 650 | _aPEDOLOGIA | ||
| 650 | _aIRRIGACAO | ||
| 650 | _aDRENAGEM | ||
| 650 | _aECONOMIA AGRICOLA | ||
| 650 | _aCOMERCIALIZACAO | ||
| 650 | _aPOLITICA DE DESENVOLVIMENTO | ||
| 650 | _aSOCIOLOGIA RURAL | ||
| 650 | _aRECURSO NATURAL | ||
| 650 | _aREGIAO SEMI-ARIDA | ||
| 909 |
_a202309 _bLucia _c55 _dLucia Elande |
||
| 942 | _cBK | ||
| 999 |
_c33617 _d33617 |
||